000 00405nam a22001697a 4500
005 20180221141908.0
008 160614b xxu||||| |||| 00| 0 eng d
020 _a0-7619-3249-6
041 _aeng
082 _b7372
_a174.4
100 _aSharma, Poonam & Bhal, kanika T
_91811
245 _aManagirial Ethics
260 _bSage Publication
300 _a240
650 _aManagement
_9241
942 _cBK
999 _c2626
_d2625